Normal view
MARC view
Entry Personal Name
001 - CONTROL NUMBER
- control field: 51152
003 - CONTROL NUMBER IDENTIFIER
- control field: dpl
005 - DATE AND TIME OF LATEST TRANSACTION
- control field: 20120816163436.0
008 - FIXED-LENGTH DATA ELEMENTS
- fixed length control field: 120816|||a|||||| | ||| d
040 ## - CATALOGING SOURCE
- Original cataloging agency: dpl
- Transcribing agency: dpl
100 ## - HEADING--PERSONAL NAME
- Personal name: Gupta, C. B.
670 ## - SOURCE DATA FOUND
- Source citation: Work cat.: (dpl)53418: Gupta, C. B., Marketing management /, 2011
670 ## - SOURCE DATA FOUND
- Source citation: Work cat.: (dpl)53418: Gupta, C. B., Marketing management /, 2011
